[Event "Cheliabinsk Panchenko Memorial op-B"]
[Site "Cheliabinsk"]
[Date "2020.09.15"]
[Round "9"]
[White "Aleshina, Arina"]
[Black "Khandarova, Irina"]
[Result "1/2-1/2"]
[WhiteElo "1659"]
[BlackElo "1787"]
[PlyCount "123"]
[EventDate "2020.09.07"]
[EventType "swiss"]
[EventRounds "9"]
[EventCountry "RUS"]
[SourceTitle "CBM 198 Extra"]
[Source "ChessBase"]
[SourceDate "2020.11.30"]
[SourceVersion "1"]
[SourceVersionDate "2020.11.30"]
[SourceQuality "1"]

1. e4 e5 2. Nf3 Nc6 3. Bc4 Bc5 4. c3 Nf6 5. d4 exd4 6. e5 d5 7. Bb5 Ne4 8. cxd4 Bb6 9. 0-0 Bd7 10. Nc3 Nxc3 11. bxc3 h6 12. e6 Bxe6 13. Ne5 0-0 14. Nxc6 bxc6 15. Bxc6 Rb8 16. Ba3 Ba5 17. Bxf8 Qxf8 18. Qd3 Rb6 19. Ba4 Qa3 20. Bb3 Rc6 21. Rac1 g6 22. Rfe1 Bb4 23. Qe3 Bf8 24. f4 Rd6 25. h3 h5 26. c4 dxc4 27. Bxc4 Qxe3+ 28. Rxe3 Rc6 29. Rec3 Bg7 30. Kh1 Bxd4 31. R3c2 Be3 32. Bxe6 Rxe6 33. Rf1 c5 34. Kh2 Bd4 35. Rf3 Re3 36. Rxe3 Bxe3 37. Kg3 Kg7 38. Kf3 Bd4 39. Ke4 Kf6 40. a4 Ke6 41. Re2 f5+ 42. Kd3+ Kd5 43. Re7 c4+ 44. Kc2 a5 45. Re8 h4 46. Ra8 Ke4 47. Rxa5 Kxf4 48. Rd5 Be3 49. a5 Kg3 50. Kc3 Kxg2 51. Rd4 f4 52. a6 Bxd4+ 53. Kxd4 f3 54. a7 f2 55. a8Q+ Kg1 56. Qe4 f1Q 57. Qxg6+ Kh2 58. Qd6+ Kxh3 59. Qe6+ Kh2 60. Qe5+ Kg2 61. Qe4+ Kh2 62. Qe5+ 1/2-1/2

[Event "Cheliabinsk Panchenko Memorial op-B"]
[Site "Cheliabinsk"]
[Date "2020.09.10"]
[Round "4"]
[White "Telelyukhina, Elizaveta"]
[Black "Khandarova, Irina"]
[Result "1-0"]
[WhiteElo "1504"]
[BlackElo "1787"]
[PlyCount "93"]
[EventDate "2020.09.07"]
[EventType "swiss"]
[EventRounds "9"]
[EventCountry "RUS"]
[SourceTitle "CBM 198 Extra"]
[Source "ChessBase"]
[SourceDate "2020.11.30"]
[SourceVersion "1"]
[SourceVersionDate "2020.11.30"]
[SourceQuality "1"]

1. e4 e5 2. Nf3 Nc6 3. Bc4 Bc5 4. c3 Nf6 5. d4 exd4 6. e5 Ng8 7. cxd4 Bb4+ 8. Bd2 Bxd2+ 9. Nbxd2 d5 10. Bd3 Nge7 11. Rc1 0-0 12. 0-0 Bg4 13. Nb3 h6 14. h3 Bh5 15. Bb1 Qc8 16. Qe2 Ng6 17. Qe3 Nge7 18. Qf4 Bg6 19. Bxg6 Nxg6 20. Qe3 Nd8 21. Nc5 b6 22. Nd3 Ne6 23. Rc6 Qd7 24. Rfc1 Rfc8 25. Nh2 Ne7 26. R6c2 Nf5 27. Qd2 Nfxd4 28. Rc3 c5 29. Re1 Ng5 30. Nf4 Ne4 31. Qd3 Nxc3 32. bxc3 Ne6 33. Nxd5 Rd8 34. Rd1 Kf8 35. Qh7 f6 36. exf6 Ng5 37. Qh8+ Kf7 38. Qxg7+ Ke6 39. Nf4+ Kf5 40. Rxd7 Rg8 41. Qe7 Rae8 42. g4+ Kxf4 43. Qd6+ Re5 44. Qd2+ Ke4 45. Qd3+ Kf4 46. Qg3+ Ke4 47. Qe3# 1-0

[Event "Cheliabinsk Panchenko Memorial op-B"]
[Site "Cheliabinsk"]
[Date "2020.09.09"]
[Round "3"]
[White "Khandarova, Irina"]
[Black "Chigaeva, Anastasia"]
[Result "0-1"]
[WhiteElo "1787"]
[BlackElo "2175"]
[PlyCount "90"]
[EventDate "2020.09.07"]
[EventType "swiss"]
[EventRounds "9"]
[EventCountry "RUS"]
[SourceTitle "CBM 198 Extra"]
[Source "ChessBase"]
[SourceDate "2020.11.30"]
[SourceVersion "1"]
[SourceVersionDate "2020.11.30"]
[SourceQuality "1"]

1. e4 e6 2. d3 d5 3. Nd2 Nf6 4. Ngf3 b6 5. g3 Bb7 6. Qe2 Be7 7. Bg2 c5 8. c3 Nc6 9. e5 Nd7 10. 0-0 Qc7 11. Re1 g5 12. h3 0-0-0 13. Nf1 Rdg8 14. d4 h5 15. Be3 g4 16. hxg4 Rxg4 17. a3 c4 18. N3d2 Rg7 19. b3 Na5 20. Reb1 h4 21. Bf4 Nf8 22. Ne3 Ng6 23. Qg4 Rhh7 24. b4 Nxf4 25. Qxf4 Bg5 26. Qf3 Nc6 27. Ndf1 Qd8 28. Ng4 Rg6 29. Nfe3 Qg8 30. gxh4 Rxh4 31. Kf1 Bd8 32. Bh3 Qh7 33. Bg2 Rg7 34. Ke2 Qd3+ 35. Ke1 Qxc3+ 36. Kf1 Qd3+ 37. Kg1 Nxd4 38. Qd1 Qxd1+ 39. Rxd1 Rhxg4 40. Kf1 Rf4 41. Rac1 Bh4 42. Nxc4 Rxf2+ 43. Kg1 Rgxg2+ 44. Kh1 Rh2+ 45. Kg1 Nf3# 0-1

[Event "Moscow op (Women) 16th"]
[Site "Moscow"]
[Date "2020.02.02"]
[Round "9"]
[White "Khandarova, Irina"]
[Black "Melnikova, Diana V"]
[Result "1-0"]
[WhiteElo "1516"]
[BlackElo "1877"]
[PlyCount "183"]
[EventDate "2020.01.25"]
[EventType "swiss"]
[EventRounds "9"]
[EventCountry "RUS"]
[SourceTitle "CBM 194 Extra"]
[Source "ChessBase"]
[SourceDate "2020.03.31"]
[SourceVersion "1"]
[SourceVersionDate "2020.03.31"]
[SourceQuality "1"]

1. g3 g6 2. Bg2 Bg7 3. d3 d6 4. Nd2 c5 5. c4 Nf6 6. Ngf3 0-0 7. 0-0 Nc6 8. Re1 Rb8 9. Rb1 Bd7 10. h3 a6 11. Nf1 b5 12. g4 Qa5 13. cxb5 axb5 14. a3 b4 15. Bd2 Qa6 16. axb4 Nxb4 17. Ne3 Ba4 18. b3 Bc6 19. Bc3 Nfd5 20. Nxd5 Nxd5 21. Bxg7 Kxg7 22. Qc2 Nb4 23. Qc3+ Kg8 24. Ra1 Qb6 25. Ra3 Ra8 26. Rea1 Rxa3 27. Rxa3 e6 28. h4 Nd5 29. Qa1 Nf4 30. Bf1 Qb4 31. Nh2 Qd4 32. Qxd4 cxd4 33. Ra6 Rc8 34. g5 Bd5 35. Ng4 Bxb3 36. Nf6+ Kg7 37. Rxd6 Nd5 38. Ng4 Rc1 39. Rd8 e5 40. Nh6 Ne7 41. Re8 Rc7 42. Ng4 Ba4 43. Ra8 Bc6 44. Rd8 e4 45. Rxd4 exd3 46. exd3 Nf5 47. Rc4 Rc8 48. Nf6 Bb7 49. Rb4 Bf3 50. Rf4 Bb7 51. Rb4 Bf3 52. Rf4 Bb7 53. Ne4 Rc1 54. Kg2 Ba6 55. Be2 Nd4 56. Bg4 Bxd3 57. Nd6 Nf5 58. Bxf5 gxf5 59. Nxf5+ Bxf5 60. Rxf5 Rc6 61. Kg3 h6 62. gxh6+ Rxh6 63. Kg4 Ra6 64. h5 Ra1 65. Rf3 Ra4+ 66. Rf4 Ra1 67. Kg5 Ra5+ 68. Kg4 Ra1 69. Rf5 Rg1+ 70. Kf4 Rf1 71. Rg5+ Kh6 72. Rg2 Kxh5 73. Kf5 Kh4 74. f4 Ra1 75. Kf6 Kh5 76. f5 Rf1 77. Rg7 Kh6 78. Rxf7 Rf2 79. Re7 Rf1 80. Re3 Kh7 81. Rg3 Rf2 82. Ke6 Re2+ 83. Kf7 Kh6 84. f6 Ra2 85. Re3 Kg5 86. Kg7 Kf4 87. Re1 Rg2+ 88. Kf8 Kf5 89. f7 Ra2 90. Rf1+ Ke6 91. Kg7 Rg2+ 92. Kh6 1-0

[Event "World School-ch U13 Girls"]
[Site "Sochi"]
[Date "2016.12.09"]
[Round "7"]
[White "Khandarova, Irina"]
[Black "Kozyreva, Marina"]
[Result "0-1"]
[WhiteElo "1386"]
[BlackElo "1643"]
[PlyCount "74"]
[EventDate "2016.12.03"]
[EventType "swiss"]
[EventRounds "9"]
[EventCountry "RUS"]
[SourceTitle "EXT 2018"]
[Source "ChessBase"]
[SourceDate "2017.10.13"]
[SourceVersion "1"]
[SourceVersionDate "2017.10.13"]
[SourceQuality "1"]

1. e4 c6 2. d4 d5 3. e5 Bf5 4. Nf3 e6 5. Nc3 Nd7 6. Bd3 Bg6 7. a3 Ne7 8. Bg5 Bxd3 9. Qxd3 h6 10. Be3 c5 11. dxc5 Nc6 12. b4 Ndxe5 13. Nxe5 Nxe5 14. Qb5+ Qd7 15. Qxd7+ Kxd7 16. 0-0 Nc4 17. Rfe1 Be7 18. Bd4 Bf6 19. Bxf6 gxf6 20. Ne2 e5 21. f4 Kc6 22. Kf2 d4 23. fxe5 fxe5 24. Ng3 Rae8 25. Ke2 Ne3 26. Kd2 Nxg2 27. Rf1 Nf4 28. Ne2 Nxe2 29. Kxe2 Re7 30. Kd3 Kd5 31. Rf5 Rg8 32. c4+ dxc3 33. Kxc3 Rg6 34. Raf1 Ke6 35. Kd3 f6 36. Ke3 Rd7 37. R5f2 Rd4 0-1

[Event "Irkutsk Region-ch U19"]
[Site "Irkutsk"]
[Date "2016.04.03"]
[Round "6"]
[White "Tatarnikova, Ekaterina"]
[Black "Khandarova, Irina"]
[Result "1/2-1/2"]
[WhiteElo "1467"]
[BlackElo "1387"]
[PlyCount "78"]
[EventDate "2016.03.31"]
[EventType "swiss"]
[EventRounds "9"]
[EventCountry "RUS"]
[SourceTitle "EXT 2017"]
[Source "ChessBase"]
[SourceDate "2016.10.25"]
[SourceVersion "1"]
[SourceVersionDate "2016.10.25"]
[SourceQuality "1"]

1. d4 Nf6 2. c4 g6 3. Nc3 Bg7 4. e4 d6 5. f3 Nbd7 6. Bd3 e5 7. d5 0-0 8. Nge2 Nc5 9. Bc2 Bd7 10. Be3 b6 11. 0-0 Qe7 12. a3 Nb7 13. Ba4 Bxa4 14. Qxa4 Nc5 15. Qc2 Nh5 16. b4 Nb7 17. Rac1 a5 18. Nd1 axb4 19. axb4 Rfc8 20. c5 bxc5 21. bxc5 dxc5 22. Bxc5 Nxc5 23. Qxc5 Qxc5+ 24. Rxc5 Ra6 25. Ne3 Bf8 26. Rc3 Ra3 27. Rfc1 Nf4 28. Nxf4 exf4 29. Nc4 Bc5+ 30. Kf1 Rxc3 31. Rxc3 Ra8 32. Rc2 Kf8 33. Ne5 Bd6 34. Nd7+ Ke7 35. Nc5 Bxc5 36. Rxc5 Ra1+ 37. Ke2 Ra2+ 38. Kf1 Ra1+ 39. Ke2 Ra2+ 1/2-1/2